000 00306 a2200133 4500
001 49270
040 _cAnchieta - Bela Vista
240 1 0 _aA gente que ia buscar o dia
_lpor
245 1 0 _aA gente que ia buscar o dia
300 _a32
362 0 _a2006
650 4 _aLiteratura infanto-juvenil
942 _cBK
999 _c49270
_d49270